| 000 | 00735nam a2200253Ia 4500 | ||
|---|---|---|---|
| 003 | OSt | ||
| 005 | 20221006155311.0 | ||
| 006 | a|||||r|||| 00| 0 | ||
| 007 | ta | ||
| 008 | 221006b |||||||| |||| 00| 0 eng d | ||
| 024 | _a41,477 | ||
| 037 | _cSeries Articles | ||
| 040 |
_aEASL _cEASL _beng |
||
| 041 |
_2eng _aeng |
||
| 100 |
_aLieberman Victor _9668851 |
||
| 245 | 0 |
_aImpact of climate on southeast asia,circa 950-1820 _bNew findings |
|
| 260 |
_aCambridge _bCambridge University Press UK _c2012 |
||
| 300 |
_a1049-1096 _ccm. |
||
| 490 | _v46 | ||
| 650 |
_aAsian Studies _9668852 |
||
| 700 |
_a Buckley Brendan _9668853 |
||
| 942 |
_cREF _2CC |
||
| 999 |
_c1109563 _d1109563 |
||